000 00448nam a2200157Ia 4500
008 240729s9999 xx 000 0 und d
022 _a2731-9121
245 0 _aCommunications Psychology
260 _aUnited Kingdom
260 _bNature Portfolio
650 _a Psychology | Social Sciences
650 _aPhilosophy. Psychology. Religion
856 _uhttps://doaj.org/toc/e9e7c1adac374dd9920b9a773536c8a7
942 _2ddc
942 _cDOAJEJ
999 _c74590
_d74590
945 _a1
_bMadushi Gamage
_c1
_dMadushi Gamage